[Event "Mittelfrank Regionalliga Sud-Ost 2223"]
[Site "Mittelfranken"]
[Date "2023.03.19"]
[Round "8.1"]
[White "Azemovic, Almir"]
[Black "Zill, Christoph"]
[Result "0-1"]
[WhiteElo "2086"]
[BlackElo "2132"]
[PlyCount "68"]
[EventDate "2022.10.09"]
[EventType "team-tourn"]
[EventRounds "9"]
[EventCountry "GER"]
[SourceTitle "EXT 2024"]
[Source "ChessBase"]
[SourceDate "2023.10.10"]
[SourceVersion "1"]
[SourceVersionDate "2023.10.10"]
[SourceQuality "1"]
[WhiteTeam "Moosburg"]
[BlackTeam "Freising"]
[WhiteTeamCountry "GER"]
[BlackTeamCountry "GER"]

1. e4 e6 2. d4 d5 3. Nc3 dxe4 4. Nxe4 Bd7 5. Nf3 Bc6 6. Bd3 Nd7 7. c3 Ngf6 8. Ng3 Be7 9. 0-0 0-0 10. Re1 Bxf3 11. Qxf3 c6 12. a4 a5 13. Bf4 Re8 14. Rad1 Nf8 15. h4 Nd5 16. h5 Nxf4 17. Qxf4 h6 18. Ne4 Qd5 19. g4 Rad8 20. Bc2 b5 21. Qe3 b4 22. f4 bxc3 23. bxc3 f5 24. c4 Qd7 25. gxf5 exf5 26. c5 fxe4 27. Bb3+ Kh8 28. Bf7 Bf6 29. Bxe8 Rxe8 30. Rd2 Qg4+ 31. Rg2 Qxh5 32. f5 Qxf5 33. Rf1 Qe6 34. Rh2 Nh7 0-1

[Event "Mittelfrank Regionalliga Sud-Ost 2122"]
[Site "Mittelfranken"]
[Date "2022.03.13"]
[Round "6.3"]
[White "Zill, Christoph"]
[Black "Hittinger, Christian"]
[Result "1-0"]
[WhiteElo "2168"]
[BlackElo "1989"]
[PlyCount "65"]
[EventDate "2021.10.24"]
[EventType "team-tourn"]
[EventRounds "9"]
[EventCountry "GER"]
[SourceTitle "EXT 2024"]
[Source "ChessBase"]
[SourceDate "2023.10.10"]
[SourceVersion "1"]
[SourceVersionDate "2023.10.10"]
[SourceQuality "1"]
[WhiteTeam "Freising"]
[BlackTeam "Ortenburg"]
[WhiteTeamCountry "GER"]
[BlackTeamCountry "GER"]

1. e4 c6 2. Nc3 d5 3. Nf3 dxe4 4. Nxe4 Nf6 5. Qe2 Nxe4 6. Qxe4 Nd7 7. Bc4 Nf6 8. Ne5 e6 9. Qe2 Bd6 10. d4 Qc7 11. Bg5 Nd5 12. Bh4 Nf4 13. Qe4 Ng6 14. Bg3 b5 15. Bb3 Bxe5 16. dxe5 Bb7 17. Qe2 h5 18. h4 Ne7 19. 0-0-0 a5 20. a4 b4 21. f3 Nd5 22. Rhe1 0-0-0 23. Bf2 Kb8 24. g3 c5 25. Qb5 Rc8 26. Bxd5 exd5 27. Rxd5 Qc6 28. Rxc5 Qxf3 29. Qb6 Rxc5 30. Bxc5 Qc6 31. Qxa5 Ba6 32. Qxb4+ Ka8 33. Qe4 1-0

[Event "Landesliga Sued 1920"]
[Site "Bayern"]
[Date "2019.11.10"]
[Round "2.3"]
[White "Zill, Christoph"]
[Black "Motl, Martin"]
[Result "1-0"]
[WhiteElo "2180"]
[BlackElo "2156"]
[PlyCount "99"]
[EventDate "2019.09.29"]
[EventType "team-tourn"]
[EventRounds "9"]
[EventCountry "GER"]
[SourceTitle "EXT 2021"]
[Source "ChessBase"]
[SourceDate "2020.10.23"]
[SourceVersion "1"]
[SourceVersionDate "2020.10.23"]
[SourceQuality "1"]
[WhiteTeam "Freising"]
[BlackTeam "MSA Zugzwang II"]
[WhiteTeamCountry "GER"]
[BlackTeamCountry "GER"]

1. e4 d5 2. exd5 Qxd5 3. Nc3 Qd8 4. d4 Nf6 5. Bg5 h6 6. Be3 Bf5 7. Bd3 Bxd3 8. Qxd3 c6 9. Nf3 Nbd7 10. 0-0-0 e6 11. Rhg1 Nd5 12. Nxd5 cxd5 13. Bf4 Rc8 14. g4 Rc4 15. g5 hxg5 16. Nxg5 Qf6 17. Rg4 g6 18. c3 Rh5 19. Re1 Bh6 20. Qe3 Qf5 21. Rgg1 Rh4 22. Nxe6 fxe6 23. Bxh6 Re4 24. Qg5 Qxf2 25. Rxe4 dxe4 26. Qxg6+ Kd8 27. Qg8+ Kc7 28. Qg3+ Qxg3 29. Rxg3 Ra4 30. a3 Ra5 31. Rg5 Rf5 32. Rxf5 exf5 33. Bg7 Kd6 34. c4 f4 35. Kd2 Ke6 36. d5+ Kf5 37. Bd4 e3+ 38. Kd3 a5 39. c5 Nb8 40. b4 axb4 41. axb4 Na6 42. Bc3 Nc7 43. d6 Ne6 44. h3 Nf8 45. b5 Ke6 46. c6 bxc6 47. bxc6 Kxd6 48. Bb4+ Kxc6 49. Bxf8 Kd5 50. Bg7 1-0

[Event "Landesliga Sued 1819"]
[Site "Bayern"]
[Date "2019.04.07"]
[Round "9.3"]
[White "Zill, Christoph"]
[Black "Schmidt, Gerhard3333"]
[Result "1/2-1/2"]
[WhiteElo "2167"]
[BlackElo "2118"]
[PlyCount "80"]
[EventDate "2018.10.21"]
[EventType "team-tourn"]
[EventRounds "9"]
[EventCountry "GER"]
[SourceTitle "EXT 2022"]
[Source "ChessBase"]
[SourceDate "2021.10.06"]
[SourceVersion "1"]
[SourceVersionDate "2021.10.06"]
[SourceQuality "1"]
[WhiteTeam "Freising SK"]
[BlackTeam "Unterhaching"]
[WhiteTeamCountry "GER"]
[BlackTeamCountry "GER"]

1. e4 c5 2. Nf3 d6 3. d4 cxd4 4. Nxd4 Nf6 5. Nc3 a6 6. Be2 e5 7. Nb3 Be7 8. g4 h6 9. g5 hxg5 10. Bxg5 Be6 11. Qd3 Nbd7 12. 0-0-0 Qc7 13. f4 Rh3 14. Qd2 Rxc3 15. Qxc3 Qxc3 16. bxc3 Nxe4 17. Bxe7 Kxe7 18. Bf3 Nxc3 19. Rde1 Nxa2+ 20. Kd2 Rc8 21. Bxb7 Rc7 22. Bf3 Nb4 23. Bd1 exf4 24. Rhg1 Kf8 25. Re4 Nd5 26. Nd4 Ne5 27. Nxe6+ fxe6 28. Ra4 Nc4+ 29. Ke1 Rc6 30. Bf3 Kf7 31. Bxd5 exd5 32. Rg4 Ke6 33. Rxf4 Ne3 34. Kd2 Nc4+ 35. Kc1 g5 36. Rf3 a5 37. c3 Rc7 38. Ra2 Ne5 39. Rg3 d4 40. Rxa5 Rxc3+ 1/2-1/2

[Event "Landesliga Sued 1819"]
[Site "Bayern"]
[Date "2019.02.03"]
[Round "6.3"]
[White "Grawe, Christian"]
[Black "Zill, Christoph"]
[Result "1-0"]
[WhiteElo "2202"]
[BlackElo "2167"]
[PlyCount "83"]
[EventDate "2018.10.21"]
[EventType "team-tourn"]
[EventRounds "9"]
[EventCountry "GER"]
[SourceTitle "EXT 2022"]
[Source "ChessBase"]
[SourceDate "2021.10.06"]
[SourceVersion "1"]
[SourceVersionDate "2021.10.06"]
[SourceQuality "1"]
[WhiteTeam "Groebenzell"]
[BlackTeam "Freising SK"]
[WhiteTeamCountry "GER"]
[BlackTeamCountry "GER"]

1. e4 e6 2. d4 d5 3. Nc3 Nf6 4. e5 Nfd7 5. f4 c5 6. Nf3 Nc6 7. Be3 a6 8. Qd2 b5 9. dxc5 Bxc5 10. Bd3 Qb6 11. Bf2 b4 12. Na4 Bxf2+ 13. Qxf2 Qxf2+ 14. Kxf2 Ke7 15. Rhc1 Bb7 16. c4 bxc3 17. Rxc3 h6 18. a3 f6 19. exf6+ gxf6 20. Rac1 Rhc8 21. b4 Kd6 22. g4 Rg8 23. h3 h5 24. gxh5 Rh8 25. Bg6 Rac8 26. Rg1 Rcg8 27. Rcc1 Ne7 28. h4 Bc6 29. Nc5 e5 30. Nxd7 Bxd7 31. fxe5+ fxe5 32. Ng5 Be6 33. Nxe6 Kxe6 34. Ke2 a5 35. b5 a4 36. Rg4 e4 37. Ke3 Rb8 38. Rc5 Kf6 39. Kd4 Rb6 40. Rf4+ Ke6 41. Bf7+ Kd7 42. Bxd5 1-0

[Event "Landesliga Sued 1819"]
[Site "Bayern"]
[Date "2018.12.16"]
[Round "4.3"]
[White "Steinheimer, Juergen"]
[Black "Zill, Christoph"]
[Result "0-1"]
[WhiteElo "2037"]
[BlackElo "2167"]
[PlyCount "68"]
[EventDate "2018.10.21"]
[EventType "team-tourn"]
[EventRounds "9"]
[EventCountry "GER"]
[SourceTitle "EXT 2022"]
[Source "ChessBase"]
[SourceDate "2021.10.06"]
[SourceVersion "1"]
[SourceVersionDate "2021.10.06"]
[SourceQuality "1"]
[WhiteTeam "Muenchen Tarrasch"]
[BlackTeam "Freising SK"]
[WhiteTeamCountry "GER"]
[BlackTeamCountry "GER"]

1. e4 c5 2. Nc3 Nc6 3. f4 g6 4. Bb5 Bg7 5. Nf3 Nd4 6. Nxd4 cxd4 7. Ne2 Qb6 8. Bc4 e6 9. d3 Ne7 10. Bb3 0-0 11. 0-0 d5 12. e5 a5 13. a4 f6 14. exf6 Bxf6 15. Kh1 Bd7 16. Ng1 Nc6 17. Nf3 Rf7 18. Bd2 Raf8 19. Qe1 Kg7 20. Qg3 Nb4 21. Ra3 Nxc2 22. Bxc2 Qxb2 23. Rb3 Qxc2 24. Rxb7 Qxd3 25. Re1 Qa6 26. Rbb1 Bxa4 27. Ra1 Bc2 28. Rxa5 Qb6 29. Raa1 Be4 30. h3 Qb2 31. Rad1 Qb3 32. Rf1 Rc8 33. Qe1 Rc2 34. Ne5 Qxh3+ 0-1

[Event "Landesliga Sued 1819"]
[Site "Bayern"]
[Date "2018.10.21"]
[Round "1.2"]
[White "Bensch, Patrick"]
[Black "Zill, Christoph"]
[Result "1-0"]
[WhiteElo "2169"]
[BlackElo "2167"]
[PlyCount "63"]
[EventDate "2018.10.21"]
[EventType "team-tourn"]
[EventRounds "9"]
[EventCountry "GER"]
[SourceTitle "EXT 2022"]
[Source "ChessBase"]
[SourceDate "2021.10.06"]
[SourceVersion "1"]
[SourceVersionDate "2021.10.06"]
[SourceQuality "1"]
[WhiteTeam "Rottal Inn"]
[BlackTeam "Freising SK"]
[WhiteTeamCountry "GER"]
[BlackTeamCountry "GER"]

1. e4 e6 2. d4 d5 3. Nc3 Nf6 4. e5 Nfd7 5. f4 c5 6. Nf3 Nc6 7. Be3 Qb6 8. Na4 Qa5+ 9. c3 b6 10. a3 c4 11. Be2 Ba6 12. 0-0 Bb5 13. b4 cxb3 14. Bxb5 Qxb5 15. Nb2 g6 16. g4 Na5 17. f5 gxf5 18. Ng5 Bh6 19. Nxf7 Bxe3+ 20. Kh1 Kxf7 21. gxf5 Raf8 22. Qf3 Nc4 23. a4 Qc6 24. Nxc4 Qxc4 25. Qxe3 Ke8 26. Qh6 exf5 27. Qd6 Rhg8 28. e6 Nf6 29. e7 Nd7 30. exf8Q+ Rxf8 31. Rfe1+ Kd8 32. Re7 1-0

[Event "Regionalliga Sued-Ost 1718"]
[Site "Bayern"]
[Date "2018.04.15"]
[Round "9.1"]
[White "Huber, Edwin"]
[Black "Zill, Christoph"]
[Result "0-1"]
[WhiteElo "2134"]
[BlackElo "2147"]
[PlyCount "27"]
[EventDate "2017.10.22"]
[EventType "team-tourn"]
[EventRounds "9"]
[EventCountry "GER"]
[SourceTitle "EXT 2022"]
[Source "ChessBase"]
[SourceDate "2021.10.06"]
[SourceVersion "1"]
[SourceVersionDate "2021.10.06"]
[SourceQuality "1"]
[WhiteTeam "Ilmmuenster"]
[BlackTeam "Freising SK"]
[WhiteTeamCountry "GER"]
[BlackTeamCountry "GER"]

1. e4 c5 2. b4 b6 3. bxc5 bxc5 4. Nf3 Bb7 5. Nc3 Nf6 6. Rb1 Bc6 7. Ne5 Qc7 8. Nxc6 Nxc6 9. Bb2 e6 10. Nb5 Qf4 11. e5 Ne4 12. f3 Rb8 13. fxe4 Qh4+ 14. Ke2 0-1

[Event "Dortmund Sparkassen op-A 45th"]
[Site "Dortmund"]
[Date "2017.07.16"]
[Round "2"]
[White "Boesel, Alexander"]
[Black "Zill, Christoph"]
[Result "1/2-1/2"]
[WhiteElo "1963"]
[BlackElo "2213"]
[PlyCount "90"]
[EventDate "2017.07.15"]
[EventType "swiss"]
[EventRounds "9"]
[EventCountry "GER"]
[SourceTitle "CBM 179 Extra"]
[Source "ChessBase"]
[SourceDate "2017.08.23"]
[SourceVersion "1"]
[SourceVersionDate "2017.08.23"]
[SourceQuality "1"]

1. e4 e6 2. d4 d5 3. Nd2 Nf6 4. e5 Nfd7 5. Bd3 c5 6. c3 cxd4 7. cxd4 Nc6 8. Ne2 f6 9. exf6 Nxf6 10. Nf3 Bd6 11. 0-0 0-0 12. Bf4 Nh5 13. Bxd6 Qxd6 14. Re1 Nf4 15. Nxf4 Qxf4 16. Rc1 g6 17. Bb1 Bd7 18. Rc3 Rf7 19. Rce3 Raf8 20. R1e2 Kg7 21. a3 Qg4 22. h3 Qh5 23. Qd3 Rf4 24. b4 a6 25. Rd2 Bc8 26. Qc3 Bd7 27. a4 Rc8 28. Qa3 b5 29. axb5 axb5 30. Kh2 Rcf8 31. Qc3 Kg8 32. Bc2 Qh6 33. Bd1 Qg7 34. Kg1 Rc8 35. Qb2 Qe7 36. Rb3 Qd6 37. Be2 Qb8 38. Bf1 Qb6 39. g3 Rf6 40. Re3 Ra8 41. Ra3 Ra4 42. Rb3 Rf8 43. Kg2 Rfa8 44. Qc3 Be8 45. Rdb2 Kg7 1/2-1/2

[Event "Landesliga Sued 1617"]
[Site "Bayern"]
[Date "2017.04.30"]
[Round "9.2"]
[White "Havlik, Jan"]
[Black "Zill, Christoph"]
[Result "0-1"]
[WhiteElo "2323"]
[BlackElo "2159"]
[PlyCount "98"]
[EventDate "2016.10.16"]
[EventType "team-tourn"]
[EventRounds "9"]
[EventCountry "GER"]
[SourceTitle "EXT 2019"]
[Source "ChessBase"]
[SourceDate "2018.10.10"]
[SourceVersion "1"]
[SourceVersionDate "2018.10.10"]
[SourceQuality "1"]
[WhiteTeam "Roehrnbach"]
[BlackTeam "Freising"]
[WhiteTeamCountry "GER"]
[BlackTeamCountry "GER"]

1. e4 e6 2. d3 d5 3. Nd2 Nf6 4. Ngf3 Bc5 5. e5 Nfd7 6. c3 f6 7. d4 Bb6 8. Bd3 fxe5 9. Nxe5 Nxe5 10. dxe5 Qg5 11. 0-0 Qxe5 12. Nf3 Qh5 13. Re1 Nc6 14. b4 a6 15. Ba3 0-0 16. b5 Rxf3 17. Qxf3 Qxf3 18. gxf3 axb5 19. Bb2 Ra5 20. f4 Bd7 21. Kg2 Bc5 22. a3 Bd6 23. Bc1 b4 24. cxb4 Bxb4 25. Rd1 Bd6 26. Bc2 Ne7 27. h4 Ng6 28. Rb1 b6 29. Bxg6 hxg6 30. Rd3 Ba4 31. Rb2 Kf7 32. Rc3 Ra6 33. Rh3 Bd1 34. f3 Ra5 35. Rd2 Bb3 36. Rd3 Bc2 37. Rc3 Bf5 38. Rh1 d4 39. Rb3 Rc5 40. Bb2 Rc2+ 41. Kg3 Rc4 42. Bc1 d3 43. Be3 e5 44. fxe5 Bxe5+ 45. f4 Bd6 46. Rd1 Ke6 47. Re1 Kd5 48. Ra1 Rc2 49. a4 Re2 0-1

[Event "Landesliga Sued 1617"]
[Site "Bayern"]
[Date "2017.04.02"]
[Round "8.2"]
[White "Zill, Christoph"]
[Black "Nuber, Korbinian"]
[Result "1/2-1/2"]
[WhiteElo "2159"]
[BlackElo "2264"]
[PlyCount "83"]
[EventDate "2016.10.16"]
[EventType "team-tourn"]
[EventRounds "9"]
[EventCountry "GER"]
[SourceTitle "EXT 2019"]
[Source "ChessBase"]
[SourceDate "2018.10.10"]
[SourceVersion "1"]
[SourceVersionDate "2018.10.10"]
[SourceQuality "1"]
[WhiteTeam "Freising"]
[BlackTeam "Dillingen"]
[WhiteTeamCountry "GER"]
[BlackTeamCountry "GER"]

1. e4 e6 2. d4 d5 3. Nc3 Bb4 4. e5 c5 5. Bd2 Ne7 6. Nb5 Bxd2+ 7. Qxd2 0-0 8. f4 cxd4 9. Nf3 Qb6 10. 0-0-0 Bd7 11. Nbxd4 Nbc6 12. Nxc6 Nxc6 13. Kb1 Rac8 14. h4 Na5 15. Qd4 Qxd4 16. Nxd4 Nc4 17. b3 Ne3 18. Rd3 Ng4 19. Rd2 f6 20. Nf3 fxe5 21. fxe5 Ne3 22. Bd3 h6 23. Nd4 Rf4 24. Re2 Nf1 25. Re1 Ng3 26. Ne2 Nxe2 27. Rxe2 Rcf8 28. Rh3 Bc6 29. Kb2 Rf2 30. Rxf2 Rxf2 31. Rg3 Rf4 32. Rg6 Kf7 33. h5 d4 34. g3 Rf3 35. Rg4 Re3 36. Rxd4 Rxg3 37. Rd8 Ke7 38. Rb8 Rg5 39. Bg6 Rxe5 40. Rg8 Kf6 41. Rf8+ Kg5 42. Rf7 1/2-1/2

[Event "Landesliga Sued 1617"]
[Site "Bayern"]
[Date "2017.02.19"]
[Round "6.1"]
[White "Zill, Christoph"]
[Black "Dehlinger, Alexander"]
[Result "1/2-1/2"]
[WhiteElo "2159"]
[BlackElo "2265"]
[PlyCount "80"]
[EventDate "2016.10.16"]
[EventType "team-tourn"]
[EventRounds "9"]
[EventCountry "GER"]
[SourceTitle "EXT 2019"]
[Source "ChessBase"]
[SourceDate "2018.10.10"]
[SourceVersion "1"]
[SourceVersionDate "2018.10.10"]
[SourceQuality "1"]
[WhiteTeam "Freising"]
[BlackTeam "Garching II"]
[WhiteTeamCountry "GER"]
[BlackTeamCountry "GER"]

1. e4 c5 2. Nf3 Nc6 3. Nc3 Nf6 4. Bb5 g6 5. e5 Ng4 6. Bxc6 dxc6 7. h3 Nh6 8. g4 Bg7 9. d3 0-0 10. Be3 f5 11. exf6 exf6 12. Qd2 Nf7 13. 0-0-0 Qa5 14. Kb1 Be6 15. a3 Rad8 16. Ne4 Qxd2 17. Nfxd2 b6 18. Rde1 f5 19. gxf5 Bxf5 20. h4 Ne5 21. Ng3 Bg4 22. h5 Nf3 23. Nxf3 Bxf3 24. Rh4 Bf6 25. Rf4 Bxh5 26. Nxh5 gxh5 27. Rg1+ Kf7 28. b4 cxb4 29. axb4 Ke6 30. Re4+ Kd7 31. Bd4 Bxd4 32. Rxd4+ Kc8 33. Rxd8+ Rxd8 34. Rg7 Rd7 35. Rg5 Rd5 36. Rg7 Rd4 37. Rxa7 Rxb4+ 38. Kc1 Rf4 39. Rxh7 Rxf2 40. Rxh5 Kc7 1/2-1/2

[Event "Landesliga Sued 1617"]
[Site "Bayern"]
[Date "2017.01.15"]
[Round "4.2"]
[White "Hahn, Christoph"]
[Black "Zill, Christoph"]
[Result "1/2-1/2"]
[WhiteElo "2086"]
[BlackElo "2159"]
[PlyCount "102"]
[EventDate "2016.10.16"]
[EventType "team-tourn"]
[EventRounds "9"]
[EventCountry "GER"]
[SourceTitle "EXT 2019"]
[Source "ChessBase"]
[SourceDate "2018.10.10"]
[SourceVersion "1"]
[SourceVersionDate "2018.10.10"]
[SourceQuality "1"]
[WhiteTeam "Kriegshaber"]
[BlackTeam "Freising"]
[WhiteTeamCountry "GER"]
[BlackTeamCountry "GER"]

1. d4 e6 2. e4 d5 3. Nc3 Bb4 4. exd5 exd5 5. Bd3 c6 6. Nf3 Nf6 7. 0-0 0-0 8. h3 Re8 9. a3 Bd6 10. Re1 Nbd7 11. Bg5 Rxe1+ 12. Qxe1 h6 13. Bh4 Nf8 14. Ne2 Ne6 15. c3 Be7 16. Bg3 Ng5 17. Ne5 Nfe4 18. Bh2 Bf5 19. Nf4 Nd6 20. Qb1 Bxd3 21. Qxd3 Bf6 22. Nh5 Bxe5 23. Bxe5 g6 24. Nf6+ Kf8 25. Ng4 Nf5 26. Re1 Ne4 27. f3 Ned6 28. b3 Qh4 29. Qd2 Re8 30. Nxh6 Re6 31. Bxd6+ Nxd6 32. Rxe6 fxe6 33. Ng4 Nf5 34. Ne5 Kg7 35. a4 Qg3 36. Ng4 Qd6 37. Qe2 c5 38. Qd3 cxd4 39. cxd4 Qb4 40. Ne3 Qxd4 41. Qxd4+ Nxd4 42. b4 Kf6 43. Kf2 g5 44. Ng4+ Kf5 45. Nh6+ Kg6 46. Ng4 a6 47. Ne5+ Kf5 48. Nd7 b5 49. axb5 axb5 50. Nc5 Nc6 51. Na6 Ke5 1/2-1/2

[Event "Landesliga Sued 1617"]
[Site "Bayern"]
[Date "2016.12.04"]
[Round "3.1"]
[White "Maksimenko, Andrei"]
[Black "Zill, Christoph"]
[Result "1-0"]
[WhiteElo "2500"]
[BlackElo "2159"]
[PlyCount "81"]
[EventDate "2016.10.16"]
[EventType "team-tourn"]
[EventRounds "9"]
[EventCountry "GER"]
[SourceTitle "EXT 2019"]
[Source "ChessBase"]
[SourceDate "2018.10.10"]
[SourceVersion "1"]
[SourceVersionDate "2018.10.10"]
[SourceQuality "1"]
[WhiteTeam "Muenchen Tarrasch"]
[BlackTeam "Freising"]
[WhiteTeamCountry "GER"]
[BlackTeamCountry "GER"]

1. d4 Nf6 2. c4 e6 3. Nc3 Bb4 4. Nf3 Nc6 5. Qc2 Qe7 6. Bd2 d6 7. a3 Bxc3 8. Bxc3 0-0 9. b4 e5 10. d5 Nb8 11. e4 a5 12. bxa5 Na6 13. Nd2 Nd7 14. Be2 Ndc5 15. 0-0 f5 16. f4 exf4 17. Rxf4 fxe4 18. Rxf8+ Kxf8 19. Rf1+ Kg8 20. Bh5 g6 21. Ba1 Bd7 22. Be2 Rf8 23. Qc3 Rxf1+ 24. Nxf1 Qe5 25. Qxe5 dxe5 26. Bxe5 Nb3 27. Kf2 Nxa5 28. Nd2 Kf7 29. Nxe4 h6 30. g4 Ba4 31. Ke3 Bc2 32. Nf2 c6 33. Kd4 c5+ 34. Kc3 Ba4 35. Ne4 Bd7 36. Nf6 Bc8 37. Bd1 b6 38. Ba4 Nb8 39. Be8+ Ke7 40. Bxg6 Nd7 41. Nxd7 1-0

[Event "Landesliga Sued 1617"]
[Site "Bayern"]
[Date "2016.11.20"]
[Round "2.2"]
[White "Taggatz, Mario"]
[Black "Zill, Christoph"]
[Result "1/2-1/2"]
[WhiteElo "2166"]
[BlackElo "2159"]
[PlyCount "84"]
[EventDate "2016.10.16"]
[EventType "team-tourn"]
[EventRounds "9"]
[EventCountry "GER"]
[SourceTitle "EXT 2019"]
[Source "ChessBase"]
[SourceDate "2018.10.10"]
[SourceVersion "1"]
[SourceVersionDate "2018.10.10"]
[SourceQuality "1"]
[WhiteTeam "Groebenzell"]
[BlackTeam "Freising"]
[WhiteTeamCountry "GER"]
[BlackTeamCountry "GER"]

1. Nf3 c5 2. c4 g6 3. g3 Nc6 4. Bg2 e5 5. Nc3 Bg7 6. d3 Nge7 7. Nd2 0-0 8. Nf1 d6 9. Ne3 Be6 10. Rb1 Rb8 11. a3 a5 12. Ned5 Nd4 13. e3 Ndf5 14. b4 Nxd5 15. Nxd5 Bxd5 16. Bxd5 axb4 17. axb4 b5 18. Bd2 Qd7 19. 0-0 h5 20. Qe2 Ne7 21. Bg2 Rfc8 22. Rfc1 Rc7 23. h4 Ra7 24. Qd1 Ra2 25. Rc2 Ra3 26. Bc1 Ra4 27. bxc5 dxc5 28. Rxb5 Rxb5 29. cxb5 Qxb5 30. Rb2 Rb4 31. Qc2 Nf5 32. Bd5 Rxb2 33. Bxb2 Qb4 34. Qb3 Qe1+ 35. Kg2 Qe2 36. Bc1 Qg4 37. Kf1 Bf6 38. Qb7 Nh6 39. Bf3 Qh3+ 40. Bg2 Qe6 41. Qd5 Qg4 42. Qf3 Qe6 1/2-1/2

[Event "Landesliga Sued 1617"]
[Site "Bayern"]
[Date "2016.10.16"]
[Round "1.2"]
[White "Zill, Christoph"]
[Black "Kuecher, Wolfgang"]
[Result "1-0"]
[WhiteElo "2159"]
[BlackElo "2143"]
[PlyCount "83"]
[EventDate "2016.10.16"]
[EventType "team-tourn"]
[EventRounds "9"]
[EventCountry "GER"]
[SourceTitle "EXT 2019"]
[Source "ChessBase"]
[SourceDate "2018.10.10"]
[SourceVersion "1"]
[SourceVersionDate "2018.10.10"]
[SourceQuality "1"]
[WhiteTeam "Freising"]
[BlackTeam "Rottal"]
[WhiteTeamCountry "GER"]
[BlackTeamCountry "GER"]

1. e4 g6 2. d4 Bg7 3. Nf3 d6 4. h3 Nf6 5. Nc3 a6 6. a4 0-0 7. Be3 Nc6 8. Bc4 Nxe4 9. Nxe4 d5 10. Bd3 dxe4 11. Bxe4 Bf5 12. Bxf5 gxf5 13. c3 Qd5 14. 0-0 e6 15. Bf4 Rac8 16. Re1 Ne7 17. Qd2 Rfd8 18. Bg5 Rd7 19. Bxe7 Rxe7 20. Qg5 Ree8 21. Qh5 f6 22. Re2 Qd7 23. Nh4 Re7 24. Rae1 Rce8 25. d5 exd5 26. Rxe7 Rxe7 27. Rxe7 Qxe7 28. Nxf5 Qe1+ 29. Kh2 Qe5+ 30. g3 Qe1 31. Qf3 c6 32. Kg2 Qe8 33. Qg4 Qf8 34. h4 Kf7 35. h5 Bh6 36. f4 b6 37. Qe2 b5 38. Qe3 Bg7 39. Qa7+ Kg8 40. Qd7 Qf7 41. Qxc6 Qxh5 42. Qxd5+ 1-0

[Event "Landesliga Sued 1516"]
[Site "Bayern"]
[Date "2016.04.10"]
[Round "9.3"]
[White "Zill, Christoph"]
[Black "Billing, Christian"]
[Result "1-0"]
[WhiteElo "2175"]
[BlackElo "2150"]
[PlyCount "81"]
[EventDate "2015.10.11"]
[EventType "team-tourn"]
[EventRounds "9"]
[EventCountry "GER"]
[SourceTitle "EXT 2018"]
[Source "ChessBase"]
[SourceDate "2017.10.13"]
[SourceVersion "1"]
[SourceVersionDate "2017.10.13"]
[SourceQuality "1"]
[WhiteTeam "Freising"]
[BlackTeam "Dillingen"]
[WhiteTeamCountry "GER"]
[BlackTeamCountry "GER"]

1. e4 d6 2. d4 g6 3. Nc3 Bg7 4. Nf3 Nf6 5. h3 0-0 6. Be3 c6 7. a4 Qa5 8. Bd3 Nbd7 9. 0-0 Re8 10. Nd2 Rb8 11. f4 a6 12. Qf3 Nf8 13. e5 Nd5 14. Nb3 Qc7 15. Nxd5 cxd5 16. Qxd5 b6 17. Qf3 f5 18. exf6 Bxf6 19. f5 Bb7 20. Qg3 Kh8 21. Rf2 gxf5 22. Rxf5 Ng6 23. Rh5 Rg8 24. Bxg6 Rg7 25. Rxh7+ Rxh7 26. Bxh7 Kxh7 27. Qf4 Qxc2 28. Nd2 Qg6 29. Nf3 e5 30. dxe5 dxe5 31. Ng5+ Kg7 32. Qg4 Bxg5 33. Bxg5 Rc8 34. Rd1 Rc7 35. Qg3 Rf7 36. Qxe5+ Kh7 37. Rd4 Qb1+ 38. Kh2 Rf1 39. Rd7+ Kg6 40. Rg7+ Kh5 41. g4# 1-0

[Event "Landesliga Sued 1516"]
[Site "Bayern"]
[Date "2016.03.13"]
[Round "8.3"]
[White "De Francesco, Klaus"]
[Black "Zill, Christoph"]
[Result "0-1"]
[WhiteElo "2232"]
[BlackElo "2175"]
[PlyCount "92"]
[EventDate "2015.10.11"]
[EventType "team-tourn"]
[EventRounds "9"]
[EventCountry "GER"]
[SourceTitle "EXT 2018"]
[Source "ChessBase"]
[SourceDate "2017.10.13"]
[SourceVersion "1"]
[SourceVersionDate "2017.10.13"]
[SourceQuality "1"]
[WhiteTeam "Weilheim"]
[BlackTeam "Freising"]
[WhiteTeamCountry "GER"]
[BlackTeamCountry "GER"]

1. d4 Nf6 2. c4 e5 3. dxe5 Ng4 4. Nh3 Nxe5 5. e3 Nbc6 6. Nf4 Bb4+ 7. Nd2 a5 8. Be2 0-0 9. 0-0 Re8 10. a3 Bf8 11. b3 d6 12. Bb2 Bf5 13. Nd5 Ne7 14. e4 Nxd5 15. cxd5 Bd7 16. f4 Ng6 17. Bd3 c6 18. dxc6 bxc6 19. Kh1 d5 20. exd5 cxd5 21. Qf3 Nh4 22. Qh5 g6 23. Qxd5 Bh3 24. Be4 Rxe4 25. Qxd8 Bxg2+ 26. Kg1 Rxd8 27. Nxe4 Bxe4 28. Bf6 Bc5+ 29. Rf2 Nf3+ 30. Kf1 Re8 31. Rb2 Bd3+ 32. Kg2 Ne1+ 33. Rxe1 Rxe1 34. b4 axb4 35. axb4 Bb6 36. Rb3 Be4+ 37. Kh3 Re3+ 38. Rxe3 Bxe3 39. Kg4 Kf8 40. h4 h5+ 41. Kg5 Bd3 42. b5 Bxb5 43. Bg7+ Ke7 44. Be5 Bd3 45. Bf6+ Ke6 46. Bd8 f6+ 0-1

[Event "Landesliga Sued 1516"]
[Site "Bayern"]
[Date "2015.10.11"]
[Round "1.1"]
[White "Riediger, Martin"]
[Black "Zill, Christoph"]
[Result "1-0"]
[WhiteElo "2246"]
[BlackElo "2175"]
[PlyCount "63"]
[EventDate "2015.10.11"]
[EventType "team-tourn"]
[EventRounds "9"]
[EventCountry "GER"]
[SourceTitle "EXT 2018"]
[Source "ChessBase"]
[SourceDate "2017.10.13"]
[SourceVersion "1"]
[SourceVersionDate "2017.10.13"]
[SourceQuality "1"]
[WhiteTeam "Rottal"]
[BlackTeam "Freising"]
[WhiteTeamCountry "GER"]
[BlackTeamCountry "GER"]

1. Nf3 Nf6 2. d4 e6 3. g3 b5 4. Bg2 Bb7 5. 0-0 c5 6. c3 Na6 7. Nbd2 Be7 8. a3 Rc8 9. Nb3 0-0 10. dxc5 Nxc5 11. Nxc5 Bxc5 12. Qd3 Qb6 13. b4 Be7 14. Be3 Qa6 15. Bd4 Be4 16. Qe3 Qb7 17. Bxa7 Ng4 18. Qb6 Qxb6 19. Bxb6 Rxc3 20. Bd4 Rc2 21. Rfc1 Rfc8 22. Rxc2 Rxc2 23. Ne1 Rc4 24. Bxe4 Rxd4 25. Bd3 Bf6 26. Rc1 Kf8 27. Rc5 Rd6 28. Rxb5 Bd4 29. Nc2 Nxf2 30. Nxd4 Nxd3 31. Rb8+ Ke7 32. Nb5 1-0